1238 1200 1307 1352 1773 1508 1697 1921 1289 1223 1598 1582 1281 1836 1740 1000 1987 1152 1260 1964 1102 1822 1498 1481 1086 1821 1632 1492 1498 1998 1373 1215 1199 1655 1873 1492 1090 1773 1055 1374 1960 1826 1599 1503 1645 1335 1498 1378 1920 1156 1652 1766 1961 1329 1794 1158 1900 1343 1301 1596 1346 1966 1483 1541 1377 1193 1345 1771 1498 1322 1804 1043 1464 1201 1232 1713 1729 1422 1021 1613 1661 1427 1766 1312 1297 1555 1115 1804 1986 1346 1803 1796 1737 1744 1181 1157 1163 1849 1782 BCNSPRNW ULIB Ver.6.0+V

เปลี่ยนเป็นภาษาไทย

Change to English
 แสดงรายละเอียดบรรณานุกรม
  กลับหน้าหลัก

Brief Record : Get Marc (ISO 2709) : E-mail record : QR code < ปิดหน้าต่าง
LEADER : 00000nam 2200000uu 4500
001    13399113613
003     ULIB
008    111201s2551||||th 000 0 tha d
020    ^a9789740674641
090    ^aนว.^bณ410ก 2551
100 0  ^aณารา
245 00 ^aกาลเวลา สงคราม ความรัก 3 ตอน ทายาทแห่งมาซิดอน/^cณารา
250    ^aพิมพ์ครั้งที่ 1
260    ^aกรุงเทพฯ :^bพิมพ์คำ,^c2551
300    ^a552 หน้า
710 1  ^aพิมพ์คำ
945    ^p300^l0^i16169
995    ^aกัณชพร
999    ^aใช้งานได้ทุกระบบ
รายการนี้ยังไม่มีแท็ก
คุณยังไม่ได้ล็อกอิน คุณสามารถมีกิจกรรมร่วมกับเว็บไซต์ได้ แต่ต้องล็อกอินก่อน ::
  ล็อกอิน

รายการสื่อสารสนเทศ

ลำดับที่ ประเภท เลขเรียก/บาร์โค้ด สถานที่ สถานะ
1. นวนิยาย
นวนิยาย
นว. ณ410ก 2551 ฉ.1 
  Barcode: 16169
ห้องสมุดวิทยาเขตสวรรค์ประชารักษ์
►นวนิยาย
บนชั้น
  ขอยืม

รายการใกล้เคียง
    ผู้แต่ง [ณารา]

BibComment


ยังไม่เคยถูกคอมเมนท์

คอมเมนท์ทรัพยากรรายการนี้
  คอมเมนท์: กาลเวลา สงคราม ค..


 Copyright 2026. Bcnsprnw @Library